Las relaciones entre España y Rusia en la época de Carlos IV / (Record no. 139954)

MARC details
000 -LEADER
campo de control de longitud fija 00886nam a2200229 i 4500
001 - NÚMERO DE CONTROL
campo de control 139954
003 - IDENTIFICADOR DE NÚMERO DE CONTROL
campo de control ES-MaACL
005 - FECHA Y HORA DE LA ÚLTIMA TRANSACCIÓN
campo de control 20250730155723.0
007 - CAMPO FIJO DE DESCRIPCIÓN FÍSICA--INFORMACIÓN GENERAL
campo de control de longitud fija t|
008 - DATOS DE LONGITUD FIJA--INFORMACIÓN GENERAL
campo de control de longitud fija 070214s1971 sp |||| | spa d
100 1# - ENTRADA PRINCIPAL--NOMBRE DE PERSONA
Nombre de persona Schop Soler, Ana María.
9 (RLIN) 104656
245 14 - MENCIÓN DEL TÍTULO
Título Las relaciones entre España y Rusia en la época de Carlos IV /
Mención de responsabilidad, etc. Ana María Schop Soler ; prólogo de Carlos Seco Serrano.
260 ## - PUBLICACIÓN, DISTRIBUCIÓN, ETC.
Lugar de publicación, distribución, etc. Barcelona :
Nombre del editor, distribuidor, etc. Universidad, Facultad de Filosofía y Letras,
Fecha de publicación, distribución, etc. 1971.
300 ## - DESCRIPCIÓN FÍSICA
Extensión XVII, 196 p. ;
Dimensiones 22 cm.
651 #4 - PUNTO DE ACCESO ADICIONAL DE MATERIA--NOMBRE GEOGRÁFICO
Nombre geográfico España-
Subdivisión general Relaciones-
Subdivisión geográfica Rusia.
9 (RLIN) 170136
651 #4 - PUNTO DE ACCESO ADICIONAL DE MATERIA--NOMBRE GEOGRÁFICO
Nombre geográfico Rusia-
Subdivisión general Relaciones-
Subdivisión geográfica España.
9 (RLIN) 170137
651 #4 - PUNTO DE ACCESO ADICIONAL DE MATERIA--NOMBRE GEOGRÁFICO
Nombre geográfico España-
Subdivisión general Historia-
Subdivisión cronológica 1788-1808, Carlos IV.
9 (RLIN) 8242
700 1# - ENTRADA AGREGADA--NOMBRE PERSONAL
Nombre de persona Seco Serrano, Carlos,
Fechas asociadas al nombre 1923-2020
9 (RLIN) 105054
710 2# - ENTRADA AGREGADA--NOMBRE DE ENTIDAD CORPORATIVA
Nombre de entidad corporativa o nombre de jurisdicción como elemento de entrada Universidad de Barcelona.
Unidad subordinada Facultad de Filosofía y Letras.
9 (RLIN) 7149
852 ## - LOCALIZACIÓN
Ubicación ES-MaACL
Número de control de estantería C-45615
Holdings
Estatus retirado Estado de pérdida Estado de daño No para préstamo Biblioteca de origen Biblioteca actual Ubicación en estantería Fecha de adquisición Fuente de adquisición Total de préstamos Signatura topográfica completa Código de barras Visto por última vez Precio de reemplazo Tipo de ítem Koha
        Biblioteca del Ateneo de Madrid Biblioteca del Ateneo de Madrid Depósito 2 17/01/2008     C-45615 1145639 23/02/2023 23/02/2023 Libro impreso